Guess the EPIC: The Musical song #9 - Statistics

General Stats
  • This quiz has been taken 47 times
  • The average score is 153 of 182
Answer Stats
Answer % Correct
a
100%
I
100%
and
95%
I'm
95%
son
95%
the
95%
you?
95%
your
95%
eyes,
89%
for
89%
into
89%
look
89%
me...
89%
me!
89%
back
84%
become
84%
But
84%
does
84%
he
84%
just
84%
man
84%
man,
84%
man...
84%
man.
84%
meteor?
84%
meteor?)
84%
mine.
84%
monster?
84%
monster?)
84%
my
84%
of
84%
see
84%
think
84%
to
84%
war.
84%
when
84%
When
84%
(When
84%
You're
84%
as
79%
comet
79%
go
79%
home.
79%
How
79%
Is
79%
left
79%
old
79%
ripple
79%
tidal
79%
trying
79%
was,
79%
wave?
79%
who's
79%
wife.
79%
years
79%
actions
74%
after
74%
all
74%
away
74%
blame?
74%
blaze?
74%
blaze?)
74%
candle
74%
Close
74%
could
74%
Even
74%
every
74%
fighting
74%
from
74%
his
74%
I've
74%
known.
74%
life.
74%
price
74%
reason
74%
these
74%
view.
74%
what
74%
world
74%
days,
68%
Deep
68%
down,
68%
endless
68%
Forgive
68%
hurt
68%
pain?
68%
pay
68%
spare
68%
trade
68%
Will
68%
would
68%
yourself
68%
haunt
58%
slain?
47%
No matching quizzes found
Score Distribution
Percent of People with Each Score
Percentile by Number Answered
Your Score History
You have not taken this quiz